000 00354pab a2200145 454500
008 180718b2003 xxu||||| |||| 00| 0 eng d
100 _aAhmed, A.K.N.
245 _aMacro-management of the economy and monetary policy
260 _c2003
300 _ap.21-26.
362 _a7 Jun
650 _aMonetary policy
773 _aMainstream
909 _a56580
999 _c56580
_d56580